00750nam a2200169 a 4500003000200000005001700002008004100019050002700060100002300087245012700110260009100237300004000328504004100368650007100409650005700480650004300537020250508110311.0970101s19uu xx 00 eng d aPHS HG 8871b.K37 2004 aKarnani, Bhavan S. aFactors that affect the decision of the foreigners in the Philippines to buy life insurance policies /cBhavan S. Karnani. aLas Piñas City, Philippines :bSouthville International School and Colleges, c2004. a46 pages :billustrations ;c28 cm. aIncludes bibliographical references. 2Library of Congress Subject HeadingsaLife insurancezPhilippines. aForeign residentszPhilippinesxEconomic conditions. aDecision makingxPsychological aspect.